[Event "Ponteareas op 2nd"]
[Site "Ponteareas"]
[Date "2019.04.21"]
[Round "5"]
[White "Fernandez Lopez, Ruben"]
[Black "Pazos Garcia, Anxo"]
[Result "1-0"]
[WhiteElo "2090"]
[BlackElo "1509"]
[PlyCount "39"]
[EventDate "2019.04.20"]
[EventType "swiss"]
[EventRounds "5"]
[EventCountry "ESP"]
[SourceTitle "CBM 190 Extra"]
[Source "ChessBase"]
[SourceDate "2019.07.15"]
[SourceVersion "1"]
[SourceVersionDate "2019.07.15"]
[SourceQuality "1"]

1. e4 c5 2. Nf3 Nc6 3. d4 cxd4 4. Nxd4 g6 5. Nc3 Bg7 6. Nb3 Nf6 7. g4 d6 8. g5 Nd7 9. h4 a5 10. a4 Nde5 11. Be2 Be6 12. f4 Nd7 13. Be3 f5 14. exf5 Bxf5 15. Nd4 Qb6 16. Nxf5 Qxb2 17. Nxg7+ Kf7 18. Nb5 Nb4 19. Bc4+ e6 20. Bxe6+ 1-0

[Event "Galego-ch Women and Seniors"]
[Site "Padron"]
[Date "2019.04.17"]
[Round "6.5"]
[White "Rey Malde, Henrique"]
[Black "Pazos Garcia, Anxo"]
[Result "1-0"]
[WhiteElo "2151"]
[BlackElo "1509"]
[PlyCount "81"]
[EventDate "2019.04.14"]
[EventType "swiss"]
[EventRounds "8"]
[EventCountry "ESP"]
[SourceTitle "EXT 2024"]
[Source "ChessBase"]
[SourceDate "2023.10.10"]
[SourceVersion "1"]
[SourceVersionDate "2023.10.10"]
[SourceQuality "1"]

1. e4 c5 2. Nf3 Nc6 3. d4 cxd4 4. Nxd4 g6 5. c4 Nf6 6. Nc3 Nxd4 7. Qxd4 d6 8. Be2 Bg7 9. 0-0 0-0 10. Qd3 Be6 11. Bd2 Rc8 12. b3 Nd7 13. Rac1 b6 14. Nb5 a6 15. Nd4 Nc5 16. Qe3 Bd7 17. Kh1 e5 18. Nc2 f5 19. f3 f4 20. Qf2 Bf6 21. Be1 a5 22. Rd1 Be6 23. Na3 Qe7 24. Nb5 Rfd8 25. Nc3 h5 26. Nd5 Bxd5 27. Rxd5 Rb8 28. Bc3 Bh4 29. g3 fxg3 30. hxg3 Bg5 31. Qg2 Rf8 32. Rfd1 Rbd8 33. Qh3 Nb7 34. Kg2 Qf6 35. f4 Nc5 36. Rf1 Nxe4 37. fxe5 Qf2+ 38. Rxf2 Rxf2+ 39. Kh1 Rdf8 40. exd6 Rxe2 41. Qe6+ 1-0

[Event "Ponteareas U2200 op 1st"]
[Site "Ponteareas"]
[Date "2019.03.03"]
[Round "5.4"]
[White "Pazos Garcia, Anxo"]
[Black "Gonzalez Davila, Miguel"]
[Result "1/2-1/2"]
[WhiteElo "1498"]
[BlackElo "2086"]
[PlyCount "45"]
[EventDate "2019.03.02"]
[EventType "swiss"]
[EventRounds "5"]
[EventCountry "ESP"]
[SourceTitle "EXT 2024"]
[Source "ChessBase"]
[SourceDate "2023.10.10"]
[SourceVersion "1"]
[SourceVersionDate "2023.10.10"]
[SourceQuality "1"]

1. Nf3 f5 2. d3 g6 3. g3 Nh6 4. Nbd2 Bg7 5. Bg2 0-0 6. e4 d6 7. 0-0 Nf7 8. Nc4 Nc6 9. c3 fxe4 10. dxe4 Be6 11. Ne3 a5 12. a4 Rb8 13. Nd4 Bd7 14. Nb5 e6 15. f4 Ne7 16. Qd3 Bxb5 17. Qxb5 c6 18. Qd3 d5 19. e5 Nf5 20. Nxf5 exf5 21. Be3 Re8 22. Rfd1 Qc7 23. b4 1/2-1/2